|
|
|
|
| LEADER |
02269nam a2200373 a 4500 |
| 001 |
12105031 |
| 008 |
091005s2001 enka b 001 0 eng d |
| 010 |
|
|
|a 00058883
|
| 020 |
|
|
|a 0192631969
|
| 020 |
|
|
|a 9780192631961
|
| 040 |
|
|
|a DLC
|c DLC
|d DLC
|
| 082 |
0 |
0 |
|a 362.1/09172/4
|2 21
|
| 245 |
0 |
0 |
|a Poverty, inequality and health :
|b an international perspective /
|c edited by David A. Leon and Gill Walt.
|
| 260 |
|
|
|a Oxford ;
|a New York :
|b Oxford University Press,
|c 2001.
|
| 300 |
|
|
|a x , 358 p. :
|b ill. ;
|c 23 cm.
|
| 490 |
|
0 |
|a Oxford medical publications
|
| 500 |
|
|
|a London School of Hygiene and Tropical Medicine Ninth Public Health Forum, 2001.
|
| 504 |
|
|
|a Includes bibliographical references and index.
|
| 541 |
1 |
|
|e 00011074
|
| 650 |
|
0 |
|a Poor
|x Medical care
|v Cross-cultural studies.
|
| 650 |
|
0 |
|a Poor
|x Diseases
|v Cross-cultural studies.
|
| 650 |
|
0 |
|a Poor
|x Medical care
|z Developing countries
|v Cross-cultural studies.
|
| 650 |
|
0 |
|a Poor
|z Developing countries
|x Health aspects
|v Cross-cultural studies.
|
| 700 |
1 |
|
|a Leon, David A.
|
| 700 |
1 |
|
|a Walt, Gillian.
|
| 711 |
2 |
|
|a London School of Hygiene and Tropical Medicine Public Health Forum
|n (9th :
|d 1999)
|
| 852 |
4 |
|
|a Ayesha Abed Library
|j General shelf
|
| 999 |
|
|
|c 4457
|d 4457
|
| 952 |
|
|
|0 0
|1 0
|2 ddc
|4 0
|6 362_109172400000000_POV_2001
|7 0
|9 4166
|a BRACUL
|b BRACUL
|c GEN
|d 2009-10-11
|g 0.00
|l 0
|o 362.1091724 POV
|p 3010011074
|r 2009-10-11
|t 1
|w 2009-10-11
|y BK
|x No price found in the accession register.
|
| 952 |
|
|
|0 0
|1 0
|2 ddc
|4 0
|6 362_109172400000000_POV_2001
|7 0
|9 8352
|a BRACUL
|b BRACUL
|c GEN
|d 2010-02-22
|l 1
|o 362.1091724 POV
|p 3010011073
|r 2018-02-01
|s 2018-01-30
|t 2
|w 2010-02-22
|y BK
|
| 952 |
|
|
|0 0
|1 0
|2 ddc
|4 0
|6 362_109172400000000_POV_2001
|7 0
|9 8353
|a BRACUL
|b BRACUL
|c GEN
|d 2010-02-22
|l 0
|o 362.1091724 POV
|p 3010011072
|r 2010-02-22
|t 3
|w 2010-02-22
|y BK
|
| 952 |
|
|
|0 0
|1 0
|2 ddc
|4 0
|6 362_109172400000000_POV
|7 0
|9 19139
|a JPGSPH
|b JPGSPH
|c GEN
|d 2012-01-11
|l 0
|o 362.1091724 POV
|p 3060024243
|r 2012-01-15
|t 4
|w 2012-01-15
|y BK
|
| 952 |
|
|
|0 0
|1 0
|2 ddc
|4 0
|6 362_109172400000000_POV
|7 0
|9 43570
|a SCL
|b SCL
|c GEN
|d 2005-06-29
|l 1
|o 362.1091724 POV
|p 3020005600
|r 2022-06-19
|s 2022-06-15
|t 5
|w 2014-08-31
|y BK
|
| 952 |
|
|
|0 0
|1 0
|2 ddc
|4 0
|6 362_109172400000000_POV
|7 0
|9 43571
|a SCL
|b SCL
|c GEN
|d 2005-02-10
|l 0
|o 362.1091724 POV
|p 3020005200
|r 2014-08-31
|t 6
|w 2014-08-31
|y BK
|